All 2hollis songs - Statistics

General Stats
  • This quiz has been taken 352 times
    290 since last reset
  • The average score is 46 of 70
Answer Stats
Singles % Correct
cliche
93%
whiplash
93%
poster boy
90%
jeans
86%
flash
85%
white tiger
80%
crush
79%
crush
79%
sidekick
78%
eldest child
76%
ego
75%
gold
74%
light
74%
light
74%
sister
74%
all 2s
73%
tell me
73%
two bad
73%
you
73%
afraid (feat. natesib)
72%
girl
72%
safe
72%
beginning
71%
cope
71%
META
71%
nice
71%
teenage soldier
70%
trauma
70%
FORFEIT
69%
FORFEIT
69%
SHEDIM
69%
SHEDIM
69%
3
68%
style
68%
say it
67%
safety
66%
safety
66%
say it again
66%
burn
65%
nerve
65%
PLASTER
65%
PLASTER
65%
destroy me
64%
GOD
64%
GOD
64%
GREEN SPORE VALLEY
63%
lie
63%
mountain
63%
blackbirds
61%
dream rain sports
61%
actor
59%
actor
59%
king of the darkness
59%
promise
58%
2 u
57%
nothing2 lose
56%
you once said my name for the first time
56%
fame runner
54%
i do
54%
trust
54%
i saw it flash before me
52%
it will never be the same
52%
gate
50%
PLACE
47%
raise
47%
CONFLICTIONS
46%
i always questioned it
46%
give it up
44%
the light upon the surface that beckoned deep into the moment and the tiger stepped forth
41%
left and right
27%
No matching quizzes found
Score Distribution
Percent of People with Each Score
Percentile by Number Answered
Your Score History
You have not taken this quiz since the last reset